000 01274nam a22002657a 4500
005 20120112143825.0
008 120112t xxu||||| |||| 00| 0 mar d
010 _aMAR-21930
020 _c70.00
035 _aMR-14588
037 _bDBAD/PUB
040 _aDPL
_bMR
082 _a891.461
100 _939079
_aवाघमरे,मधुकर सदाशिव
245 _aमधुस्त्रव काव्यकल्प /
_cमधुकर सदाशिव वाघमरे
246 _aMadhustrav kaveykalp
_bby Madhukar sadashiv vaghmary
260 _aनागपुर
_bआर्शीवाद पब्लिकेशन
_c2007
270 _aधनरे बिल्डिंग,दक्षिणामूर्ति चौक,महाल,
_bनागपुर
_e32
_k0712 2766710 ,9422120648
300 _a88पृ.
_c21सेमी(अजिल्द)
500 _aभाग-2
650 _aमराठी कविता संग्रह
_940102
650 _aMarathi Poetry
_940103
942 _2ddc
_cMR
_mवाघम
_h891.461
999 _c61422
_d61422